000 00344 a2200157 4500
001 53323
020 _a
040 _cAnchieta - Pituba
100 _aMarcus Adriano Mawusi
240 1 0 _a2ª Histótia, I unidade
_lpor
245 1 0 _a2ª Histótia, I unidade
300 _a15
362 0 _a2016
650 4 _aHistória do mundo
942 _cBK
999 _c53323
_d53323